|
|
|
|
| LEADER |
00000cam a22000004a 4500 |
| 001 |
musev2_68227 |
| 003 |
MdBmJHUP |
| 005 |
20230905051038.0 |
| 006 |
m o d |
| 007 |
cr||||||||nn|n |
| 008 |
191012s2019 nju o 00 0 eng d |
| 020 |
|
|
|a 9780691200606
|
| 020 |
|
|
|z 9780691200590
|
| 020 |
|
|
|z 9780691200583
|
| 035 |
|
|
|a (OCoLC)1122460252
|
| 040 |
|
|
|a MdBmJHUP
|c MdBmJHUP
|
| 100 |
1 |
|
|a Krautheimer, Richard,
|d 1897-1994,
|e author.
|
| 245 |
1 |
0 |
|a Lorenzo Ghiberti :
|b Volume II /
|n Volume II /
|c by Richard Krautheimer ; in collaboration with Trude Krautheimer-Hess.
|n Volume II /
|
| 264 |
|
1 |
|a Princeton, New Jersey :
|b Princeton University Press,
|c 2019.
|
| 264 |
|
3 |
|a Baltimore, Md. :
|b Project MUSE,
|c 2021
|
| 264 |
|
4 |
|c ©2019.
|
| 300 |
|
|
|a 1 online resource (308 pages).
|
| 336 |
|
|
|a text
|b txt
|2 rdacontent
|
| 337 |
|
|
|a computer
|b c
|2 rdamedia
|
| 338 |
|
|
|a online resource
|b cr
|2 rdacarrier
|
| 490 |
0 |
|
|a Princeton legacy library
|
| 588 |
|
|
|a Description based on print version record.
|
| 600 |
1 |
7 |
|a Ghiberti, Lorenzo,
|d 1378-1455.
|2 fast
|0 (OCoLC)fst00029253
|
| 600 |
1 |
0 |
|a Ghiberti, Lorenzo,
|d 1378-1455.
|
| 650 |
|
7 |
|a Sculpture, Italian.
|2 fast
|0 (OCoLC)fst01109734
|
| 650 |
|
6 |
|a Sculpture italienne.
|
| 650 |
|
0 |
|a Sculpture, Italian.
|
| 655 |
|
7 |
|a Electronic books.
|2 local
|
| 700 |
1 |
|
|a Krautheimer-Hess, Trude,
|e collaborator.
|
| 710 |
2 |
|
|a Project Muse.
|e distributor
|
| 830 |
|
0 |
|a Book collections on Project MUSE.
|
| 856 |
4 |
0 |
|z Texto completo
|u https://projectmuse.uam.elogim.com/book/68227/
|
| 945 |
|
|
|a Project MUSE - Custom Collection
|
| 945 |
|
|
|a Project MUSE - Archive Complete Supplement IX
|
| 945 |
|
|
|a Project MUSE - Archive Global Cultural Studies Supplement IX
|